000 00753nam a22002057a 4500
005 20251108164331.0
008 250721s1986 xx 000 0 ara d
082 1 4 _a358.8/عبد
100 1 _aأحمد، عبد الله سيد
245 1 0 _aحرب النجوم :
_bتكنولوجيا و آفاق /
264 1 _aبغداد :
_bالمكتبة العالمية - وزارة الثقافة والإعلام - دائرة الإعلام الداخلي،
_c1986.
300 _a254ص
490 0 _aالكتاب العلمي العسكري ؛ 14
650 1 7 _aحرب الفضاء
650 1 7 _aالصواريخ الموجهة
650 1 7 _aالأقمار الصناعية
700 1 _aعلي، طلعت نوري
942 _2ddc
_cBK
999 _c9602
_d9602